Escherichia coli : (Record no. 4389)

MARC details
000 -LEADER
fixed length control field 01138cam a2200289 a 4500
001 - CONTROL NUMBER
control field 2106439
003 - CONTROL NUMBER IDENTIFIER
control field OSt
005 - DATE AND TIME OF LATEST TRANSACTION
control field 20160616175616.0
008 - FIXED-LENGTH DATA ELEMENTS--GENERAL INFORMATION
fixed length control field 960502s1997 enkaf b 001 0 eng
010 ## - LIBRARY OF CONGRESS CONTROL NUMBER
LC control number 96020969
020 ## - INTERNATIONAL STANDARD BOOK NUMBER
International Standard Book Number 0521453615 (hardback)
040 ## - CATALOGING SOURCE
Original cataloging agency DLC
Transcribing agency DLC
Modifying agency DLC
050 00 - LIBRARY OF CONGRESS CALL NUMBER
Classification number QR82.E6
Item number E835 1997
082 00 - DEWEY DECIMAL CLASSIFICATION NUMBER
Classification number QW 4
Item number E14 1997
245 00 - TITLE STATEMENT
Title Escherichia coli :
Remainder of title mechanisms of virulence /
Statement of responsibility, etc. edited by Max Sussman.
260 ## - PUBLICATION, DISTRIBUTION, ETC. (IMPRINT)
Place of publication, distribution, etc. Cambridge ;
-- New York :
Name of publisher, distributor, etc. Cambridge University Press,
Date of publication, distribution, etc. 1997.
300 ## - PHYSICAL DESCRIPTION
Extent xvi, 639 p., [1] p. of plates :
Other physical details col.ill;
Dimensions 24 cm.
504 ## - BIBLIOGRAPHY, ETC. NOTE
Bibliography, etc Includes bibliographical references and index.
650 #0 - SUBJECT ADDED ENTRY--TOPICAL TERM
Topical term or geographic name as entry element Escherichia coli.
9 (RLIN) 9444
650 #0 - SUBJECT ADDED ENTRY--TOPICAL TERM
Topical term or geographic name as entry element Virulence (Microbiology)
9 (RLIN) 9445
700 1# - ADDED ENTRY--PERSONAL NAME
Personal name Sussman, Max.
9 (RLIN) 933
856 42 - ELECTRONIC LOCATION AND ACCESS
Materials specified Publisher description
Uniform Resource Identifier http://www.loc.gov/catdir/description/cam027/96020969.html
856 41 - ELECTRONIC LOCATION AND ACCESS
Materials specified Table of contents
Uniform Resource Identifier http://www.loc.gov/catdir/toc/cam027/96020969.html
906 ## - LOCAL DATA ELEMENT F, LDF (RLIN)
a 7
b cbc
c orignew
d 1
e ocip
f 19
g y-gencatlg
942 ## - ADDED ENTRY ELEMENTS (KOHA)
Source of classification or shelving scheme Dewey Decimal Classification
Koha item type Open Shelf
Holdings
Withdrawn status Lost status Source of classification or shelving scheme Damaged status Not for loan Home library Current library Date acquired Source of acquisition Inventory number Total Checkouts Full call number Barcode Date last seen Price effective from Koha item type
    Dewey Decimal Classification     MUST Main Library MUST Main Library 16/06/2016   2000/13725   QW 4 E14 1997 2016-2554 16/06/2016 16/06/2016 Open Shelf